| Tag |
First Indicator |
Second Indicator |
Subfields |
| LEADER |
00000cam a22000004a 4500 |
| 001 |
in00002117635 |
| 005 |
20190326103924.0 |
| 006 |
m d |
| 007 |
cr cnu---unuuu |
| 008 |
050722s2003 nyua sb 001 0 eng d |
| 020 |
|
|
|a 1423715659 (electronic bk.)
|
| 035 |
|
|
|a (OCoLC)ocm61124073
|
| 040 |
|
|
|a N$T
|c N$T
|d UtOrBLW
|
| 049 |
|
|
|a IICN
|
| 050 |
1 |
4 |
|a LB1575
|b .S54 2003eb
|
| 082 |
0 |
4 |
|a 372.64
|2 22
|
| 100 |
1 |
|
|a Sloan, Glenna Davis,
|d 1930-
|
| 245 |
1 |
0 |
|a Give them poetry! :
|b a guide for sharing poetry with children K-8 /
|c Glenna Sloan ; foreword by Douglas Florian.
|
| 264 |
|
1 |
|a New York :
|b Teachers College Press,
|c [2003]
|
| 264 |
|
4 |
|c ©2003
|
| 300 |
|
|
|a xi, 102 pages :
|b illustrations ;
|c 23 cm.
|
| 336 |
|
|
|a text
|b txt
|2 rdacontent
|
| 337 |
|
|
|a computer
|b c
|2 rdamedia
|
| 338 |
|
|
|a online resource
|b cr
|2 rdacarrier
|
| 490 |
1 |
|
|a Language and literacy series
|
| 504 |
|
|
|a Includes bibliography references (pages 93-96) and index.
|
| 533 |
|
|
|a Electronic reproduction.
|b Boulder, Colo. :
|c NetLibrary,
|d 2005.
|n Available via World Wide Web.
|n Access may be limited to NetLibrary affiliated libraries.
|
| 500 |
|
|
|a Electronic resource.
|
| 650 |
|
0 |
|a Poetry
|x Study and teaching (Elementary)
|
| 650 |
|
0 |
|a Language arts (Elementary)
|
| 655 |
|
7 |
|a Electronic books.
|2 local
|
| 710 |
2 |
|
|a NetLibrary, Inc.
|
| 776 |
1 |
|
|c Original
|z 0807743682
|z 0807743674
|w (DLC) 2003040293
|w (OCoLC)51647720
|
| 830 |
|
0 |
|a Language and literacy series (New York, N.Y.)
|
| 856 |
4 |
0 |
|u http://proxy.library.tamu.edu/login?url=http://www.netLibrary.com/urlapi.asp?action=summary&v=1&bookid=136026
|z Connect to the full text of this electronic book
|t 0
|
| 994 |
|
|
|a 92
|b IIC
|
| 999 |
|
|
|a MARS
|
| 999 |
f |
f |
|s 5ae5fc62-1ae9-3062-86e8-c64327aeeb3a
|i 8771e974-762c-39e6-a989-327021731f14
|t 0
|
| 952 |
f |
f |
|a Texas A&M University
|b College Station
|c Electronic Resources
|d Available Online
|t 0
|e LB1575 .S54 2003eb
|h Library of Congress classification
|
| 998 |
f |
f |
|a LB1575 .S54 2003eb
|t 0
|l Available Online
|